Normal view
MARC view
Entry Uniform Title
001 - CONTROL NUMBER
- control field: 51029
003 - CONTROL NUMBER IDENTIFIER
- control field: dpl
005 - DATE AND TIME OF LATEST TRANSACTION
- control field: 20120814102810.0
008 - FIXED-LENGTH DATA ELEMENTS
- fixed length control field: 120814|||a|||||| | ||| d
040 ## - CATALOGING SOURCE
- Original cataloging agency: dpl
- Transcribing agency: dpl
130 ## - HEADING--UNIFORM TITLE
- Uniform title: Wonders of India
670 ## - SOURCE DATA FOUND
- Source citation: Work cat.: (dpl)61256: Govil, Mamta 51028, Monuments, 2011
670 ## - SOURCE DATA FOUND
- Source citation: Work cat.: (dpl)61256: Govil, Mamta 51028, Monuments, 2011
